Air conditioning engineering / (Record no. 2473)

000 -LEADER
fixed length control field 00365nam a22001457a 4500
008 - FIXED-LENGTH DATA ELEMENTS--GENERAL INFORMATION
fixed length control field 200305b ||||| |||| 00| 0 eng d
082 00 - DEWEY DECIMAL CLASSIFICATION NUMBER
Classification number 697.93
Item number J762
100 ## - MAIN ENTRY--PERSONAL NAME
9 (RLIN) 2059
Personal name Jones, W. P.
245 10 - TITLE STATEMENT
Title Air conditioning engineering /
250 ## - EDITION STATEMENT
Edition statement 2nd ed.
260 ## - PUBLICATION, DISTRIBUTION, ETC. (IMPRINT)
Place of publication, distribution, etc London
Name of publisher, distributor, etc Edward
Date of publication, distribution, etc 1973
300 ## - PHYSICAL DESCRIPTION
Extent .
650 #0 - SUBJECT ADDED ENTRY--TOPICAL TERM
Topical term or geographic name as entry element Air Conditioning
942 ## - ADDED ENTRY ELEMENTS (KOHA)
Item type Books
Holdings
Withdrawn status Lost status Source of classification or shelving scheme Damaged status Not for loan Permanent location Current location Date acquired Full call number Barcode Date last seen Koha item type
          IMU Kolkata IMU Kolkata 2020-03-05 697.93 J762 04728 2020-03-05 Books
          IMU Kolkata IMU Kolkata 1978-12-13 697.93 J762 05040 2020-03-18 Books
          IMU Kolkata IMU Kolkata 2020-03-26 697.93 J762 05686 2020-03-26 Books
Designed and Maintained by IMU-KC Library, Kolkata Campus © Copyright All Rights Reserved

webs counters

Powered by Koha